Velká novela metodiky účetnictví pojišťoven

Prehľad zmien a doplnkov účtovej osnovy a postupov účtovania pre poisťovne v ČR podľa opatrenia MF ČR č.84/1995 Sb. Všeobecné a zvláštne ustanovenia k účtovaniu.

Gespeichert in:
Bibliographische Detailangaben
1. Verfasser: Huleš, J.
Format: Buchkapitel
Sprache:Tschechisch
Schlagworte:
Tags: Tag hinzufügen
Keine Tags, Fügen Sie das erste Tag hinzu!

MARC

LEADER 00000naa a2200000 4500
001 r020530
005 20230913080515.8
041 0 |a cze 
044 |a CZ 
245 1 0 |a Velká novela metodiky účetnictví pojišťoven  |c J. Huleš 
520 |a Prehľad zmien a doplnkov účtovej osnovy a postupov účtovania pre poisťovne v ČR podľa opatrenia MF ČR č.84/1995 Sb. Všeobecné a zvláštne ustanovenia k účtovaniu. 
610 2 0 |a účtovníctvo 
610 2 0 |a účtovanie 
610 2 0 |a poisťovne 
610 2 0 |a Česko 
610 2 0 |a osnova účtová 
610 2 0 |a opatrenia 
610 2 0 |a 1995 
100 1 |a Huleš, J.